|
|
|
|
| LEADER |
00000nab a2200000 ar4500 |
| 001 |
vtls009157197 |
| 003 |
SK-MaSNL |
| 005 |
20260303064410.0 |
| 008 |
071108c2003 xo |||||||||||000 b|eng |
| 015 |
|
|
|a SNBRA2007/11
|2 snkbucl
|
| 038 |
|
|
|a SNKBUCL
|
| 040 |
|
|
|a SNKBUCL
|b slo
|c SNKBUCL
|e AACR2
|
| 041 |
0 |
|
|a eng
|b eng
|
| 044 |
|
|
|a xo
|c SK
|
| 080 |
|
|
|a 519.17
|2 2001
|
| 100 |
1 |
|
|a Hliněný, Petr
|4 aut
|9 1032160
|
| 245 |
1 |
0 |
|a A new proof for chordal graphs
|c Petr Hliněný
|
| 300 |
|
|
|b Sch.
|
| 504 |
|
|
|a Bibliogr. odkazy
|
| 546 |
|
|
|a Res. angl.
|
| 650 |
0 |
7 |
|a teória grafov
|2 snkbucl
|9 50114
|
| 650 |
0 |
7 |
|a chordálne grafy
|2 snkbucl
|9 1063015
|
| 650 |
0 |
7 |
|a simpliciálne vrcholy
|2 snkbucl
|9 1063016
|
| 773 |
0 |
|
|t Acta Universitatis Matthiae Belii. Natural sciences series. Series mathematics. Number 10
|d Banská Bystrica : Matej Bel University, 2003
|g S. 17-19
|z 8080558124
|
| 852 |
|
|
|a SNK
|b KIS3GCP
|
| 958 |
|
|
|a NB
|
| 999 |
|
|
|c 1746956
|d 1748886
|